Datum a čas kvízu
42
Celkem bodů
Celkový počet nahraných bodů na tomto kvízu bez doplňovacích otázek.
2.
Pořadí na kvízu
Konečné umístění týmu na tomto kvízu.
Zaznamenané odpovědi
| # | Otázka | Odpověď | Body | Výsledky |
|---|---|---|---|---|
| 1. | Minulý týden se v pražských Z... | Bolt | 1 | |
| 2. | Švýcarský výrobce nožů Victori... | nebude obsahovat nožík/čepel | 1 | |
| 3. | Jedno z nejnovějších děl umělc... | C) ve Veselí nad Moravou | 1 | |
| 4. | Někteří obyvatelé Německa, pře... | kebab | 1 | |
| 5. | Basketbalová NBA zná svého nej... | Nikola Jokić | 0 | |
| 6. | Podíváme se do zemí či krajů,... | Muž z Acapulca | 1 | |
| 7. | Ve filmu Tři veteráni ztvárnil... | B | 1 | |
| 8. | Nyní se podíváme do malé vesni... | Kyselá prdel (Bad Ass) | 1 | |
| 9. | Přiřaďte tyto postavy z knižní... | 1C 2A 3B 4D | 0 | |
| 10. | Které drama režiséra Vladimíra... | Je třeba zabít Sekala | 1 |